Statistics for Countries and Territories with Billionaires

Click here to take the quiz!

General Stats

  • This quiz has been taken 31 times
  • The average score is 65 of 78

Answer Stats

# of Billionaires:Country:% Correct
48Australia
100%
67Canada
100%
406China
100%
53France
100%
35Indonesia
100%
41Japan
100%
1Portugal
100%
120Russia
100%
29Spain
100%
5Argentina
96%
69Brazil
96%
10Greece
96%
200India
96%
11Ireland
96%
73Italy
96%
39Singapore
96%
6South Africa
96%
36South Korea
96%
43Sweden
96%
4United Arab Emirates
96%
55United Kingdom
96%
813United States
96%
6Vietnam
96%
9Austria
92%
10Belgium
92%
11
Czechia
92%
5Egypt
92%
7Finland
92%
132Germany
92%
1Iceland
92%
4New Zealand
92%
8Poland
92%
26Thailand
92%
1Algeria
88%
6
Chile
88%
1Croatia
88%
36Israel
88%
1Luxembourg
88%
17Malaysia
88%
22Mexico
88%
12Norway
88%
16Philippines
88%
41Switzerland
88%
27Turkey
88%
9Denmark
85%
6Kazakhstan
85%
3Monaco
85%
2Oman
85%
2Qatar
85%
6Romania
85%
51Taiwan
85%
5Ukraine
85%
1Venezuela
85%
1Armenia
81%
1Bangladesh
81%
2Bulgaria
81%
4Colombia
81%
1Estonia
81%
5Hungary
81%
1Liechtenstein
81%
2Morocco
81%
14Netherlands
81%
2Uruguay
81%
4Nigeria
77%
1Panama
77%
2Slovakia
73%
10Cyprus
69%
2Georgia
65%
1Belize
62%
1Zimbabwe
62%
1Barbados
58%
6Lebanon
58%
1Nepal
58%
1Tanzania
50%
1Saint Kitts and Nevis
42%
1Eswatini
31%
67Hong Kong
31%
1Guernsey
12%

Score Distribution

Percentile by Number Answered

Percent of People with Each Score

Your Score History

You have not taken this quiz